000 00716nam a2200205 i 4500
001 30036
003 ES-MaACL
005 20230906154128.0
007 t|
008 030123m18811882fr ||||1| fre d
100 1 _aBarros Arana, Diego.
_926053
245 1 0 _aHistoire de la guerre du Pacifique, 1879-1880 /
_cDiego Barros Arana.
260 _aParís :
_bJ. Dumaine,
_c1881-1882.
300 _a2 v. :
_bmapas ;
_c23 cm.
505 8 _aContiene: v. 1. 1879-1880 -- v. 2. 1880-1881
530 _aDisponible en formato digital.
650 4 _aGuerra del Pacífico, 1879-1884.
_9158793
852 _aES-MaACL
_jG-6706-07
856 _uhttp://bdh-rd.bne.es/viewer.vm?id=0000088393&page=1
_zBiblioteca Digital Hispánica
999 _c30036
_d30036